00509nam a2200181Ia 4500003000900000008004100009020002200050040001600072080002000088100001800108245005500126250001300181260003900194300002200233650003400255650002500289650001300314IN-BaIIA211028s9999 xx 000 0 eng d a978-81-265-2422-8 cIIA Library a621.396.67bBAL aBalanis, C. A 0aAntenna theorybanalysis and designcC. A. Balanis a3rd rep. aNew DelhibJohn Wiley & Sonsc2011 axvii, 1117p. + cd aAntenna - analysis and design aAntenna measurements aAntennas